| Tag |
First Indicator |
Second Indicator |
Subfields |
| LEADER |
00000cam a2200000 4500 |
| 001 |
in00000059627 |
| 005 |
20151008050510.0 |
| 008 |
730220s1963 nyu b 00000 eng |
| 010 |
|
|
|a 63015697
|
| 035 |
|
|
|a (OCoLC)00230795
|
| 035 |
|
|
|9 AAG1403AM
|
| 040 |
|
|
|a DLC
|c DLC
|d TXA
|d UtOrBLW
|
| 043 |
|
|
|a n-us---
|
| 049 |
|
|
|a TXAM
|c [366161]
|
| 050 |
0 |
0 |
|a E184.A1
|b R6
|
| 082 |
0 |
|
|a 323.40973
|
| 092 |
|
|
|a 323.4
|b R673q
|
| 100 |
1 |
|
|a Roche, John P.
|q (John Pearson),
|d 1923-
|
| 245 |
1 |
4 |
|a The quest for the dream ;
|b the development of civil rights and human relations in modern America.
|
| 264 |
|
1 |
|a New York :
|b Macmillan,
|c [1963]
|
| 300 |
|
|
|a xii, 308 pages ;
|c 23 cm.
|
| 336 |
|
|
|a text
|b txt
|2 rdacontent
|
| 337 |
|
|
|a unmediated
|b n
|2 rdamedia
|
| 338 |
|
|
|a volume
|b nc
|2 rdacarrier
|
| 504 |
|
|
|a Bibliographical references included in "Notes" (pages 271-290).
|
| 650 |
|
0 |
|a Minorities
|z United States.
|
| 650 |
|
0 |
|a Civil rights
|z United States.
|
| 651 |
|
0 |
|a United States
|x Social conditions.
|
| 999 |
|
|
|a MARS
|
| 999 |
f |
f |
|s 3cb546a0-0616-3c19-b2f3-e759700d3a79
|i ac125bb0-b5c7-392c-8f92-255ac97ef011
|t 0
|
| 952 |
f |
f |
|p ric
|a Texas A&M University
|b Rellis Campus
|c Joint Library Facility
|d Remote Storage
|t 0
|e E184.A1 R6
|h Library of Congress classification
|i unmediated -- volume
|m A14800666227
|
| 998 |
f |
f |
|a E184.A1 R6
|t 0
|l Remote Storage
|